Belediyelerde toplam kalite yönetimi temel eğitimleri el kitabı (Record no. 7743)

MARC details
000 -BAŞLIK
Sabit Uzunlukta Kontrol Alanı 00713na a2200241 4500
001 - KONTROL NUMARASI
Denetim Alanı 18612
003 - KONTROL NUMARASI IDENTIFIER
Denetim Alanı MIRAKIL
005 - SON İŞLEM TARİHİ VE ZAMANI
Denetim Alanı 20181213155148.0
008 - SABİT-BOY VERİ ELEMANLARI - GENEL BİLGİLER
Sabit Uzunlukta Kontrol Alanı 161122b tu 000 0
020 ## - ULUSLARARASI STANDART KİTAP NUMARASI
Uluslararası Standart Kitap Numarası 9756851163
035 ## - SİSTEM KONTROL NUMARASI
Sistem Kontrol Numarası 18612
040 ## - KATALOGLAMA KAYNAK
Orijinal Kataloglama Ajansı Milas
Kataloglama Dili tur
Metne Dönüştürmek Ajansı TR-AnCHP
041 ## - DİL KODU
Metin / Ses Parça Veya Ayrı Başlığın Dil Kodu tur
082 ## - DEWEY ONLU SINIFLANDIRMA NUMARASI
Sınıflandırma Numarası 352.9561
Ürün Numarası B34 1999
090 ## - SINIFLAMA NUMARASI
Sınıflama Numarası 352.9561 B34 1999
245 ## - BAŞLIK TABLOSU
Başlık Belediyelerde toplam kalite yönetimi temel eğitimleri el kitabı
Sorumluluk Tablosu, Vb Kalite Derneği
260 ## - YAYIN, DAĞITIM, VB
Yayın, Dağıtım, Vb Yeri İstanbul
Yayıncı, Dağıtıcı, Vs Adı Kalder Yayınları
Yayın, Dağıtım, Vb Tarihi 1999
300 ## - FİZİKSEL TANIM
Kapsam 183 s.
Diğer Fiziksel Ayrıntıları grf., tbl.
Boyutlar 21 sm.
490 ## - SERİSİ TABLOSU
Seri Beyanı Kalder Yayınları
Hacim / Ardışık Tanımı 27
650 ## - KONU KATMA GİRİŞ - TOPİKAL DÖNEM
Topikal Süreli Veya Coğrafi Ad Giriş Elemanı Yerel yönetimler
Genel Alt Bölümü El kitabı
Coğrafi Alt Bölümü Türkiye
650 ## - KONU KATMA GİRİŞ - TOPİKAL DÖNEM
Topikal Süreli Veya Coğrafi Ad Giriş Elemanı Belediyeler
Genel Alt Bölümü El kitabı
Coğrafi Alt Bölümü Türkiye
942 ## - EKLENDİ GİRİŞ ELEMANLARI (KOHA)
Sınıflandırma Veya Raf Düzeni Kaynak Dewey Decimal Classification
Koha Öğesi Türü Books
999 ## - SİSTEM KONTROL NUMARALARI (KOHA)
Koha Biblionumber 7743
Koha Biblioitemnumber 7743
Holdings
Kalıcı Konum Mevcut Konum Edinme Tarihi Edinim Kaynak Seri Numaralandırma / Kronolojik Toplam Check-Out'Lar Tam Çağrı Numarası Barkod Tarih Son Görülme İtibaren Geçerli Fiyatlar Koha Öğesi Türü
CHP Kütüphanesi CHP Kütüphanesi 11/22/2016 Bağış c.2   352.9561 B34 1999 009617 11/22/2016 11/22/2016 Books